Immigration to Italy by Country - Statistics

General Stats
  • This quiz has been taken 80 times
  • The average score is 14 of 20
Answer Stats
Population (2024) Country % Correct
1,207,000 Romania
94%
330,000 China
91%
441,000 Albania
88%
487,000 Morocco
86%
203,000 India
85%
130,000 Tunisia
83%
108,000 Croatia
80%
319,000 Egypt
80%
130,000 Poland
78%
211,000 Germany
77%
134,000 Pakistan
77%
157,000 Switzerland
77%
109,000 Serbia
75%
347,000 Ukraine
75%
300,000 Bangladesh
66%
119,000 Nigeria
65%
188,000 Moldova
60%
170,000 Philippines
52%
110,000 Sri Lanka
37%
143,000 Ecuador
17%
No matching quizzes found
Score Distribution
Percent of People with Each Score
Percentile by Number Answered
Your Score History
You have not taken this quiz